000 00682nam a2200229Ia 4500
003 OSt
005 20220926001004.0
006 a|||||r|||| 00| 0
007 ta
008 220923b |||||||| |||| 00| 0 eng d
020 _a81739108112
037 _cGeneral Book
040 _aRTL
_cRTL
_beng
041 _2eng
_aeng
082 _aY33.582.216.N9, N5/TD
100 _aRao M K Ed.
_9303305
245 0 _aUrbanization, migration and economic development.
260 _a New Delhi
_bKanishka Publishers Distributors
_c1995
300 _axviii,394p.
_ccm.
942 _hY33.582.216.N9, N5/TD
_cGB
_2CC
999 _c600167
_d600167